000 02348cam a22004814i 4500
003 PE-LiUPU
005 20250731172812.0
008 150617s r 000 0 d
035 _a(Sirsi) a13542
040 _aPE-LiUPU
_bspa
_cPE-LiUPU
_erda
049 _aPRUA
082 0 4 _a248
_bP13
_221
100 1 _aPaddock, Charles L.,
_eautor.
245 1 0 _aHighways to Happiness /
_cC. L. Paddock.
264 1 _aWashington :
_bReview And Herald,
_c1950.
300 _a379 páginas :
_bil. ;
_c19 cm
336 _atext
_2rdacontent
337 _aunmediated
_2rdamedia
338 _avolume
_2rdacarrier
505 0 _aWhy Am I Here?. -Just where Are You Going?. -Do Things Just Happen?. -Behind the Scenes. -Man's Predictions. -Staying Through. -Common Courtesy. -What Is Success?. -Mixing the Price Tags. -What Is Chistianity?. -Higways to happiness. -Skyscraper or Shanty. -Man and His Books. -We Are not Machines. -Let's See Your Tongue. -In Time of Storm .-Our Blueprint. -Is sincerity Enough?. -Use Wath You Have. -What Would You Do?. -Calf Trails. -What It Right With The Church?. -An Old, Old Question. -Don't Let Prejudice Rob You. -God Looks on the Heart. -Modern Miracles. -Better Off but Not Better. -A look Into the Future. -More Signs. -Bargain Hunters. -Our Worst Enemy. -An Easy Way to Miss Heaven. -Which Chrurch Shall I Choose?.
526 _aSEG42
526 _aSEG41
526 _aSEG40
526 _aSEG39
526 _aP94
526 _aP87
526 _aP86
526 _aP85
526 _aP77
526 _aP76
526 _aP35
650 0 4 _aIASD
_xDoctrinas.
910 _ajck
_bjvq
_cjck
_d20150616
942 _2ddc
_cBOOK
949 _a248 P13
_wDEWEY
_c1
_i11653
_lCCODEBUL1
_mBUL
_p00.00
_r0
_sY
_tBOOK
_u2015-04-21
_xTEOLOGIA
_PP35
_0COMPRA
_o.STAFF. Colección General
949 _a248 P13
_wDEWEY
_c2
_i11635
_lCCODEBUL1
_mBUL
_p00.00
_r0
_sY
_tBOOK
_u2015-04-21
_xTEOLOGIA
_PP35
_0COMPRA
_o.STAFF. Colección General
994 _aC0
_bPEPRU
596 _a1
999 _a248 P13
_wDEWEY
_c3921
_i11653
_lLOST
_mBUL
_r1
_sY
_tBOOK
_u2015-4-21
_xTEOLOGIA
_PP35
_0COMPRA
_o.STAFF. Colección General
_d3921
999 _a248 P13
_wDEWEY
_c2
_i11635
_f2021-11-11
_g5
_lCCODEBUL1
_mBUL
_r0
_sY
_tBOOK
_u2015-4-21
_xTEOLOGIA
_PP35
_0COMPRA
_o.STAFF. Colección General
980 _81
_gALBERTO SANCHEZ Responsable de Automatización